| 000 | 00470 a2200157 4500 | ||
|---|---|---|---|
| 001 | 78833 | ||
| 020 | _a9781563475771 | ||
| 082 | _a629.132 YEC | ||
| 090 |
_c39464 _d39464 |
||
| 100 | _aThomas R. Yechout | ||
| 245 |
_aIntroduction to Aircraft Flight Mechanics:Performance,static Stability, Dynamic Stability, and Classical Feedback Control _hEnglish |
||
| 250 | _a1 | ||
| 260 |
_aVirginia _bAIAA Educ Series _c2003 |
||
| 300 | _axv, 634 p. | ||
| 505 | _aAHQ Books | ||
| 942 |
_aCAE NUST _k629.132 YEC |
||
| 999 |
_c313906 _d313906 |
||